| 000 | 00592nam a2200181 4500 | ||
|---|---|---|---|
| 001 | 132695 | ||
| 003 | ES-MaACL | ||
| 007 | t| | ||
| 008 | 070214s1983 mx r ||||1| spa d | ||
| 100 | 1 |
_aRomer, Alfred. _999286 |
|
| 245 | 1 | 0 |
_aAnatomía comparada / _cAlfred Romer, Thomas S. Parsons ; traducción de la quinta edición en inglés por Irina Lebedeff. |
| 250 | _a3ª. ed. | ||
| 260 |
_aMéxico : _bInteramericana, _c1983. |
||
| 300 |
_aVII, 428 p. : _bil. ; _c25 cm. |
||
| 700 | 1 |
_aParsons, Thomas S. _989288 |
|
| 700 | 1 |
_aLebedeff, Irina. _971003 |
|
| 852 |
_aES-MaACL _jL-7082 _bR.107886 |
||
| 999 |
_c132695 _d132695 |
||